Representaciones y contradicciones (Record no. 15439)

MARC details
000 -LEADER
campo de control de longitud fija 00795nam a2200241 i 4500
001 - NÚMERO DE CONTROL
campo de control 15439
003 - IDENTIFICADOR DE NÚMERO DE CONTROL
campo de control ES-MaACL
005 - FECHA Y HORA DE LA ÚLTIMA TRANSACCIÓN
campo de control 20230906151057.0
007 - CAMPO FIJO DE DESCRIPCIÓN FÍSICA--INFORMACIÓN GENERAL
campo de control de longitud fija t|
008 - DATOS DE LONGITUD FIJA--INFORMACIÓN GENERAL
campo de control de longitud fija 000313s1999 sp ||||1| spa d
020 ## - NÚMERO INTERNACIONAL ESTÁNDAR DEL LIBRO
Número Internacional Estándar del Libro 84-493-0721-X
080 ## - NÚMERO DE LA CLASIFICACIÓN DECIMAL UNIVERSAL
Número de la Clasificación Decimal Universal 316.74:001
100 1# - ENTRADA PRINCIPAL--NOMBRE DE PERSONA
Nombre de persona Goody, Jack.
9 (RLIN) 59123
245 10 - MENCIÓN DEL TÍTULO
Título Representaciones y contradicciones
Resto del título : la ambivalencia hacia las imágenes, el teatro, la ficción, las reliquias y la sexualidad /
Mención de responsabilidad, etc. Jack Goody.
260 ## - PUBLICACIÓN, DISTRIBUCIÓN, ETC.
Lugar de publicación, distribución, etc. Barcelona :
Nombre del editor, distribuidor, etc. Paidós,
Fecha de publicación, distribución, etc. [1999]
300 ## - DESCRIPCIÓN FÍSICA
Extensión 310 p. ;
Dimensiones 22 cm.
490 1# - MENCIÓN DE SERIE
Mención de serie Paidós básica ;
Designación de volumen o secuencia 99
650 #4 - PUNTO DE ACCESO ADICIONAL DE MATERIA--TÉRMINO DE MATERIA
Término de materia o nombre geográfico como elemento de entrada Sociología del conocimiento.
9 (RLIN) 17211
650 14 - PUNTO DE ACCESO ADICIONAL DE MATERIA--TÉRMINO DE MATERIA
Término de materia o nombre geográfico como elemento de entrada Representación (Filosofía)
9 (RLIN) 16851
830 0# - PUNTO DE ACCESO ADICIONAL DE SERIE-TÍTULO UNIFORME
Título uniforme Paidós básica ;
Designación de volumen o secuencia 99
9 (RLIN) 178397
852 ## - LOCALIZACIÓN
Ubicación ES-MaACL
Número de control de estantería L-22482
Sublocalización o colección R.127938
Holdings
Estatus retirado Estado de pérdida Estado de daño No para préstamo Biblioteca de origen Biblioteca actual Ubicación en estantería Fecha de adquisición Fuente de adquisición Total de préstamos Signatura topográfica completa Código de barras Visto por última vez Precio de reemplazo Tipo de ítem Koha
        Biblioteca del Ateneo de Madrid Biblioteca del Ateneo de Madrid Depósito 2 17/01/2008     L-22482 1015696 23/02/2023 23/02/2023 Libro impreso